| 000 | 00492nam a2200181Ia 4500 | ||
|---|---|---|---|
| 003 | OSt | ||
| 005 | 20201113110004.0 | ||
| 008 | 190216s9999||||xx |||||||||||||| ||und|| | ||
| 020 | _a9788172342982 | ||
| 040 | _coclc | ||
| 082 |
_a823 _bKRI/B |
||
| 100 |
_a Krishan, Anita _95955 |
||
| 245 | 4 |
_aThe Burning Orchard / _cAnita Krishan |
|
| 260 |
_bPrakash Books, _c2009. _aNew Delhi: |
||
| 300 | _a304p | ||
| 650 | _aEnglish | ||
| 942 |
_cBK _2ddc _h823 _iKRI/B _k823 _mKRI/B |
||
| 999 |
_c14496 _d14496 |
||